Atlas of vernacular architecture of the world / (Record no. 352270)

000 -LEADER
fixed length control field 01108 a2200289 4500
003 - CONTROL NUMBER IDENTIFIER
control field OSt
005 - DATE AND TIME OF LATEST TRANSACTION
control field 20180116192328.0
008 - FIXED-LENGTH DATA ELEMENTS--GENERAL INFORMATION
fixed length control field 120420t xxu||||| |||| 00| 0 eng d
010 ## - LIBRARY OF CONGRESS CONTROL NUMBER
LC control number 2007043064
020 ## - INTERNATIONAL STANDARD BOOK NUMBER
International Standard Book Number 9780415411516 (hbk : alk. paper)
020 ## - INTERNATIONAL STANDARD BOOK NUMBER
International Standard Book Number 0415411513 (hbk : alk. paper)
035 ## - SYSTEM CONTROL NUMBER
System control number (OCoLC)ocn175057227
035 ## - SYSTEM CONTROL NUMBER
System control number (OCoLC)175057227
040 ## - CATALOGING SOURCE
Transcribing agency 0
082 00 - DEWEY DECIMAL CLASSIFICATION NUMBER
Classification number 720.9
100 1# - MAIN ENTRY--PERSONAL NAME
Personal name Vellinga, Marcel.
9 (RLIN) 915
245 10 - TITLE STATEMENT
Title Atlas of vernacular architecture of the world /
Statement of responsibility, etc. Marcel Vellinga, Paul Oliver and Alexander Bridge.
260 ## - PUBLICATION, DISTRIBUTION, ETC.
Place of publication, distribution, etc. Abingdon, Oxon ;
-- New York :
Name of publisher, distributor, etc. Routledge,
Date of publication, distribution, etc. 2007.
300 ## - PHYSICAL DESCRIPTION
Extent xxvi, 150 p. :
Other physical details col. ill., maps (chiefly col.) ;
Dimensions 29 cm.
500 ## - GENERAL NOTE
General note Supplements: Encyclopedia of vernacular architecture of the world.
650 #0 - SUBJECT ADDED ENTRY--TOPICAL TERM
Topical term or geographic name entry element Vernacular architecture
9 (RLIN) 916
700 1# - ADDED ENTRY--PERSONAL NAME
Personal name Oliver, Paul,
Dates associated with a name 1927-
9 (RLIN) 917
700 1# - ADDED ENTRY--PERSONAL NAME
Personal name Bridge, Alexander,
Dates associated with a name 1971-
9 (RLIN) 918
856 41 - ELECTRONIC LOCATION AND ACCESS
Materials specified Table of contents only
Uniform Resource Identifier <a href="http://www.loc.gov/catdir/toc/ecip082/2007043064.html">http://www.loc.gov/catdir/toc/ecip082/2007043064.html</a>
942 ## - ADDED ENTRY ELEMENTS (KOHA)
Institution code [OBSOLETE] SADA
Koha item type Book
Call number prefix REF 720.9 VEL 2007
Source of classification or shelving scheme
Holdings
Withdrawn status Lost status Source of classification or shelving scheme Damaged status Not for loan Permanent Location Current Location Date acquired Total Checkouts Full call number Barcode Date last seen Date last checked out Cost, replacement price Price effective from Koha item type
          School of Art Design and Architecture (SADA) School of Art Design and Architecture (SADA) 10/04/2010 1 REF 720.9 VEL 2007 SADA0000310 11/07/2014 10/31/2014 4912.00 08/05/2011 Book
© 2023 Central Library, National University of Sciences and Technology. All Rights Reserved.